000 00209nam a2200097Ia 4500
008 180219s9999 xx 000 0 und d
100 _aGupta R P
245 0 _aCivil Engineering Drawing 1
260 _c2014
300 _a0
942 _e13th
999 _c43647
_d43647